|
|
|
|
| LEADER |
00000naa a2200000uu 4500 |
| 001 |
vtls011035933 |
| 003 |
SK-MaSNL |
| 005 |
20260302125106.0 |
| 008 |
210908|2001 xo |||||||||||||||||slo| |
| 015 |
|
|
|a SNBRA
|
| 035 |
|
|
|a (urnnbn)urn:nbn:sk:snk:ar-008u31
|
| 035 |
|
|
|a (uuid)7c5b9306-4eb7-45c8-844d-b3fdb0d8cd2b
|
| 035 |
|
|
|a urn:nbn:sk:snk-aauptv
|
| 040 |
|
|
|a SNKBUCL
|b slo
|c SNKBUCL
|e AACR2
|
| 041 |
0 |
|
|a slo
|
| 044 |
|
|
|a xo
|c SK
|
| 100 |
1 |
|
|a Pavlík, Martin
|4 aut
|9 15366
|
| 245 |
1 |
0 |
|a Burina - veľký problém pri zalesňovaní kalamitných plôch
|c Martin Pavlík
|
| 773 |
0 |
|
|t Aktuálne problémy ochrany kultúr na kalamitných plochách
|d Zvolen : Technická univerzita, 2001
|g S. 35-38
|z 8022811491
|
| 958 |
|
|
|a OND
|
| 958 |
|
|
|a article12
|
| 958 |
|
|
|a chapter
|
| 999 |
|
|
|c 1291721
|d 1293651
|